000 00567nam a2200229Ia 4500
003 OSt
005 20220918210051.0
006 a|||||r|||| 00| 0
007 ta
008 220917b |||||||| |||| 00| 0 eng d
024 _a118,988
037 _cTextual
040 _aARTS
_cARTS
_beng
041 _2eng
_aeng
082 _aV73:1908:N5, H7
100 _aLevi Werner
_999352
245 0 _aAmerican Australian relations
260 _c1947
650 _aHISTORY
942 _hV73:1908:N5, H7
_cTEXL
_2CC
999 _c242257
_d242257